|
|
|
|
| LEADER |
02451cam a2200709 i 4500 |
| 001 |
nkc20223408388 |
| 003 |
CZ PrNK |
| 005 |
20220729105534.0 |
| 007 |
ta |
| 008 |
211201s2021 xr e 000 0dcze d |
| 015 |
|
|
|a cnb003408388
|
| 020 |
|
|
|a 978-80-87282-78-6
|q (vázáno)
|
| 035 |
|
|
|a (OCoLC)1357141033
|
| 040 |
|
|
|a PNA001
|b cze
|d OLA001
|e rda
|
| 041 |
1 |
|
|a cze
|h eng
|
| 072 |
|
7 |
|a 27
|x Křesťanství. Křesťanská církev všeobecně. Eklesiologie
|2 Konspekt
|9 5
|
| 080 |
|
|
|a 27-247.4
|2 MRF
|
| 080 |
|
|
|a 27-247.7
|2 MRF
|
| 080 |
|
|
|a 27-312.3
|2 MRF
|
| 080 |
|
|
|a 27-565.3
|2 MRF
|
| 080 |
|
|
|a 27-185.5
|2 MRF
|
| 080 |
|
|
|a 27-184
|2 MRF
|
| 080 |
|
|
|a 27-423.79
|2 MRF
|
| 080 |
|
|
|a 2-474-256-277
|2 MRF
|
| 080 |
|
|
|a 274/278-1/-9
|2 MRF
|
| 080 |
|
|
|a (049)
|2 MRF
|
| 100 |
1 |
|
|a Keller, Timothy,
|d 1950-2023
|7 mzk2011642252
|4 aut
|
| 240 |
1 |
0 |
|a Hidden Christmas.
|l Česky
|
| 245 |
1 |
0 |
|a Tajemství Vánoc /
|c Timothy Keller ; z anglického originálu Hidden Christmas ... přeložil Jan Sušer
|
| 264 |
|
1 |
|a Praha :
|b Biblion,
|c 2021
|
| 300 |
|
|
|a 195 stran ;
|c 17 cm
|
| 336 |
|
|
|a text
|b txt
|2 rdacontent
|
| 337 |
|
|
|a bez média
|b n
|2 rdamedia
|
| 338 |
|
|
|a svazek
|b nc
|2 rdacarrier
|
| 504 |
|
|
|a Obsahuje bibliografické odkazy
|
| 630 |
0 |
7 |
|a Bible.
|p Matouš
|7 unn2006374700
|2 czenas
|
| 630 |
0 |
7 |
|a Bible.
|p Lukáš
|7 unn2006374698
|2 czenas
|
| 630 |
0 |
9 |
|a Bible.
|p Mathew
|2 eczenas
|
| 630 |
0 |
9 |
|a Bible.
|p Luke
|2 eczenas
|
| 650 |
0 |
7 |
|a narození Ježíše Krista
|7 ph138455
|2 czenas
|
| 650 |
0 |
7 |
|a Vánoce
|7 ph117162
|2 czenas
|
| 650 |
0 |
7 |
|a spása
|7 ph162849
|2 czenas
|
| 650 |
0 |
7 |
|a Bůh a člověk
|7 ph116953
|2 czenas
|
| 650 |
0 |
7 |
|a křesťanská víra
|7 ph122113
|2 czenas
|
| 650 |
0 |
7 |
|a biblická interpretace
|7 ph118847
|2 czenas
|
| 650 |
0 |
7 |
|a protestantské učení
|7 ph307587
|2 czenas
|
| 650 |
0 |
9 |
|a birth of Jesus Christ
|2 eczenas
|
| 650 |
0 |
9 |
|a Christmas
|2 eczenas
|
| 650 |
0 |
9 |
|a salvation
|2 eczenas
|
| 650 |
0 |
9 |
|a relations between God and man
|2 eczenas
|
| 650 |
0 |
9 |
|a Christian faith
|2 eczenas
|
| 650 |
0 |
9 |
|a Biblical interpretation
|2 eczenas
|
| 650 |
0 |
9 |
|a Protestant doctrine
|2 eczenas
|
| 655 |
|
7 |
|a pojednání
|7 fd133056
|2 czenas
|
| 655 |
|
9 |
|a essays
|2 eczenas
|
| 700 |
1 |
|
|a Sušer, Jan,
|d 1984-
|7 xx0136433
|4 trl
|
| 910 |
2 |
|
|a BOA001
|b 1-1489.223
|
| 920 |
|
|
|a 000910270
|z PNA001
|
| 990 |
|
|
|a BK
|
| 995 |
|
|
|a 01
|
| 991 |
|
|
|b 202206
|c NOV
|
| 996 |
6 |
|
|b 2610905162
|c 1-1489.223
|l MZK
|r Sklad / do 1 hodiny
|n 0
|p p.v.
|w 001888230
|u 000010
|a 1
|e BOA001
|j MZK50
|s P
|